000 00551nam a2200181Ia 4500
003 OSt
005 20240123155930.0
008 210210b1953 xxu||||| |||| 00| 0 eng d
040 _cAL
041 _aKannada
082 _a852/71
100 _aKARNATAKA SANGHADA SADASYARU ಕರ್ಣಾಟಕ ಸಂಘದ ಸದಸ್ಯರು
_9148940
245 _aBala sarasvati
_bಬಾಲ ಸರಸ್ವತಿ
260 _aBengaluru
_bKarnataaka Sanga
_c1953
690 _aKannada Prose
_9148943
906 _a018640
942 _2ddc
_cBK
999 _c142154
_d142154